000 00435nam a2200181Ia 4500
001 20310
005 20260306172756.0
008 260306t2019||||xx |||||||||||||| ||spa||
041 _aESP
082 _a343.1
_bT81 2019
100 _aTribunal Constitucional del Perú
_eAUT
245 0 _aCompendio normativo
260 _c2019
300 _a177 páginas :
_c23 cm.
650 _aGEN
654 _aCDE
942 _cLIB
_dJUS
_fJUS
_2ddc
_n
999 _c20310
_d20310